000 01837cad a22002775a 4500
001 L146401
008 090116s2008 xxk f 100 0 eng d
020 _a9781842194348
035 _a(Sirsi) u146401
041 0 _aeng
050 0 4 _a333.337 $2 18
100 1 _aFuerst, Franz
111 2 _aConstruction and Building Research Conference
_cDublin Institute of Technology, Dublin
_d4-5 September 2008
245 0 0 _aEnvironmental certification for commercial real estate assets
_bthe value impacts
_h[electronic resource]
260 _aLondon
_bRICS
_c2008
520 _aInvestigates the price differentials between Green Building Council's Leadership in Energy and Environmental Design (LEED)/Energy Star certified buildings and traditional buildings in the US. It is argued that there are likely to be three main drivers of price differences between green and traditional buildings: business benefits; higher rents and lower holding costs for investors; likely lower risk premiums. Drawing upon the CoStar database of US commercial real estate assets, an hedonic regression analysis is used to measure the effect of certification on rent and price. Concludes that certification produces a rental premium and that there is a price premium for Energy Star and LEED certified buildings.
590 _aKA
650 2 4 _aCONSTRUCTION AND BUILDING RESEARCH CONFERENCE (COBRA)
650 2 4 _aGREEN BUILDING COUNCIL'S LEADERSHIP IN ENERGY AND ENVIRONMENTAL DESIGN (LEED) (UNITED STATES)
651 4 _aUnited Kingdom
_y
690 _aPROPERTY-PROPERTY APPRAISAL AND VALUATION
700 1 _aMcAllister, Patrick
710 1 _aRoyal Institution of Chartered Surveyors
_94900
856 4 0 _uhttps://archive.rics.org/site/scripts/download_info.aspx?fileID=3312&categoryID=525
_zView the item free of charge at www.rics.org...
942 _n0
999 _c109162
_d109162